Everyman looks forward.

Bibliographic Details
Main Author: Whyte, Lancelot Law, 1896-1972
Format: Book
Language:English
Published: New York : H. Holt, [1948]
Subjects:

MARC

Tag First Indicator Second Indicator Subfields
LEADER 00000cam a2200000 4500
001 in00000065964
005 20151008051233.0
008 760409s1948 nyu 00000 eng
010 |a  48004456  
035 |a (OCoLC)02104889 
035 |9 AAG6666AM 
040 |a DLC  |c IBS  |d TXA  |d UtOrBLW 
049 |a TXAM  |c [170788] 
050 0 0 |a JX1954  |b .W55 1948 
082 0 |a 341 
092 |a 341  |b W629e 
100 1 |a Whyte, Lancelot Law,  |d 1896-1972. 
245 1 0 |a Everyman looks forward. 
264 1 |a New York :  |b H. Holt,  |c [1948] 
300 |a xi, 78 pages ;  |c 20 cm. 
336 |a text  |b txt  |2 rdacontent 
337 |a unmediated  |b n  |2 rdamedia 
338 |a volume  |b nc  |2 rdacarrier 
650 0 |a International organization. 
650 0 |a International relations. 
999 |a MARS 
999 f f |s 5236d47d-7fa2-3801-afdf-6aed47696065  |i 0dd5c495-2271-3e04-919b-f006db260a80  |t 0 
952 f f |p ric  |a Texas A&M University  |b Rellis Campus  |c Joint Library Facility  |d Remote Storage  |t 0  |e JX1954 .W55 1948  |h Library of Congress classification  |i unmediated -- volume  |m A14800781807 
998 f f |a JX1954 .W55 1948  |t 0  |l Remote Storage